Standards of almshouse management, a guide to good practice for trustees and clerks to trustees of almshouse charities (Record no. 104981)

MARC details
000 -LEADER
fixed length control field 00876cam a2200193 4500
001 - CONTROL NUMBER
control field ##L132036
008 - FIXED-LENGTH DATA ELEMENTS--GENERAL INFORMATION
fixed length control field 051221n2003 000 0 eng u
035 ## - SYSTEM CONTROL NUMBER
System control number (Sirsi) u132036
041 0# - LANGUAGE CODE
Language code of text/sound track or separate title eng
050 ## - LIBRARY OF CONGRESS CALL NUMBER
Classification number 306.2
110 04 - MAIN ENTRY--CORPORATE NAME
Corporate name or jurisdiction name as entry element The Almshouse Association
245 00 - TITLE STATEMENT
Title Standards of almshouse management, a guide to good practice for trustees and clerks to trustees of almshouse charities
250 ## - EDITION STATEMENT
Edition statement 4th ed.
260 ## - PUBLICATION, DISTRIBUTION, ETC.
Place of publication, distribution, etc. Wokingham
Name of publisher, distributor, etc. The Almshouse Association
Date of publication, distribution, etc. 2003
520 ## - SUMMARY, ETC.
Summary, etc. Fourth edition of a guide for almshouse charity staff giving information on governance -- administration -- staff -- health and safety -- financial management -- residents -- buildings and grounds -- funding a project -- the housing corporation
520 ## - SUMMARY, ETC.
Summary, etc. Supersedes the 3rd edition (No ISBN).
690 ## - LOCAL SUBJECT ADDED ENTRY--TOPICAL TERM (OCLC, RLIN)
Topical term or geographic name as entry element PROPERTY-COMMERCIAL PROPERTY-COMMERCIAL PROPERTY MANAGEMENT
942 ## - ADDED ENTRY ELEMENTS (KOHA)
Suppress in OPAC 0
Holdings
Withdrawn status Lost status Source of classification or shelving scheme Damaged status Not for loan Home library Current library Shelving location Date acquired Total Checkouts Full call number Barcode Date last seen Copy number Price effective from Koha item type
    Dewey Decimal Classification     London London Folio 21/12/2005   F306.2 ALM 30071771 06/08/2019 1 06/08/2019 Book